[Event "FIDE Open"]
[Site "Voronezh"]
[Date "2017.06.17"]
[Round "6.41"]
[White "Karpuzov, Georgiy"]
[Black "Romanov, Maksim"]
[Result "1/2-1/2"]
[WhiteElo "1755"]
[BlackElo "1452"]
[Annotator ""]
[Source ""]
[Remark ""]

1.e4 Nf6 2.Nc3 d5 3.e5 d4 4.exf6 dxc3 5.fxg7 cxd2+ 6.Qxd2 Qxd2+
7.Bxd2 Bxg7 8.O-O-O Bg4 9.Be2 Bxe2 10.Nxe2 Nc6 11.Bf4 e5 12.Be3
Rd8 13.Rxd8+ Kxd8 14.Rd1+ Kc8 15.Ng3 Rd8 16.c3 Rxd1+ 17.Kxd1
Kd7 18.Nh5 Bh8 19.g4 Ne7 20.Bg5 Ke6 21.Ke2 f6 22.Be3 a6 23.f3
f5 24.gxf5+ Nxf5 25.Bf2 Bf6 26.Ng3 Nd6 27.Kd3 Kd5 28.b3 b5 29.Ne4
Nxe4 30.fxe4+ Ke6 31.c4 c6 32.cxb5 cxb5 33.a4 Be7 34.Bb6 Bb4
35.Be3 Kf6 36.Ke2 h5 37.Kf3 Be1 38.Ke2 Bb4 39.Kf3 Be1 40.Ke2
Bb4 1/2-1/2

[Event "FIDE Open"]
[Site "Voronezh"]
[Date "2017.06.17"]
[Round "6.42"]
[White "Rudakov, Sergey S."]
[Black "Makushin, Aleksandr"]
[Result "1-0"]
[WhiteElo "1575"]
[BlackElo "1753"]
[Annotator ""]
[Source ""]
[Remark ""]

1.d4 Nf6 2.c4 e6 3.Nc3 Bb4 4.Qc2 c5 5.dxc5 Bxc5 6.Nf3 d5 7.e3
O-O 8.cxd5 Nxd5 9.Bd3 h6 10.Nxd5 Qxd5 11.O-O Nc6 12.a3 Ne5 13.Be4
Nxf3+ 14.Bxf3 Qe5 15.Bd2 Bd6 16.g3 Rb8 17.Bc3 Qc5 18.Rac1 b6
19.Qd3 Qf5 20.Qxf5 exf5 21.Rfd1 Be7 22.Be5 Bb7 23.Bxb8 Bxf3 24.Rd7
Bf6 25.Bxa7 Bxb2 26.Rc2 Bxa3 27.Bxb6 Rb8 28.Rd8+ Rxd8 29.Bxd8
Bd6 30.Bb6 Kh7 31.Rd2 Be5 32.Rd7 Kg6 33.Bd4 Bb8 34.Rd8 Bc7 35.Rg8
f6 36.Bc5 Be5 37.Rd8 Kf7 38.Bd6 Bxd6 39.Rxd6 Kg6 40.Rd4 Kg5 41.h4+
Kg6 42.Rf4 Be2 43.f3 Bd3 44.e4 fxe4 45.fxe4 Kf7 46.e5 Ke6 47.exf6
gxf6 48.Kf2 f5 49.Rd4 Be4 50.Ra4 Kf6 51.Ra6+ Kg7 52.Ke3 Bc2 53.Kf4
Bd3 54.Rd6 Bc2 55.h5 Bb1 56.Rd7+ Kg8 57.Ke5 Be4 58.g4 Bf3 59.Kxf5 1-0

[Event "FIDE Open"]
[Site "Voronezh"]
[Date "2017.06.17"]
[Round "6.43"]
[White "Titov, Oleg"]
[Black "Ivlev, Aleksandr"]
[Result "0-1"]
[WhiteElo "1598"]
[BlackElo "1717"]
[Annotator ""]
[Source ""]
[Remark ""]

1.e4 c5 2.Nf3 d6 3.d4 cxd4 4.Nxd4 Nf6 5.Nc3 a6 6.Be2 e5 7.Nb3
Be6 8.O-O Be7 9.Be3 Nbd7 10.f4 exf4 11.Bxf4 Ne5 12.Kh1 O-O 13.Bf3
b5 14.Nd5 Bxd5 15.exd5 Nfd7 16.a4 Qc7 17.Nd4 bxa4 18.Rxa4 Bf6
19.c3 Nc5 20.Ra2 Ncd3 21.Bxe5 Nxe5 22.Nc6 Nxf3 23.Qxf3 Rfe8 24.Rfa1
Qb7 25.Qd3 Qb6 26.Qd2 h6 27.Ra4 Bg5 28.Qc2 Qe3 29.Rf1 Bf6 30.Raf4
Qxf4 0-1

[Event "FIDE Open"]
[Site "Voronezh"]
[Date "2017.06.17"]
[Round "6.44"]
[White "Neklyudov, Taras"]
[Black "Stroganova, Karina"]
[Result "1-0"]
[WhiteElo "1550"]
[BlackElo "1711"]
[Annotator ""]
[Source ""]
[Remark ""]

1.e4 g6 2.d4 Bg7 3.Nc3 d6 4.Nge2 a6 5.a4 b6 6.g3 Nd7 7.Bg2 Bb7
8.O-O c5 9.d5 Nh6 10.h3 f5 11.Nf4 Nf8 12.exf5 Nxf5 13.Ne4 h6
14.Nxg6 Nxg6 15.Qh5 O-O 16.Qxg6 Qe8 17.Qxe8 Raxe8 18.Nd2 Nd4
19.c3 Ne2+ 20.Kh2 Nxc1 21.Raxc1 Rf5 22.Be4 Rf6 23.Nc4 b5 24.Ne3
e6 25.Kg1 Rff8 26.axb5 axb5 27.Bg2 b4 28.Rfd1 Kh8 29.Rd2 b3 30.dxe6
Bxg2 31.Nxg2 Rxe6 32.Nf4 Ref6 33.Nh5 Rg6 34.Nxg7 Kxg7 35.Rcd1
Rff6 36.c4 Rf4 37.Rxd6 Rxc4 38.Rd7+ Kf6 39.R1d6+ Kf5 40.Rf7+
Kg5 41.Rd5# 1-0

[Event "FIDE Open"]
[Site "Voronezh"]
[Date "2017.06.17"]
[Round "6.45"]
[White "Ternovskiy, Alexey"]
[Black "Smaleva, Stanislava"]
[Result "1-0"]
[WhiteElo "1707"]
[BlackElo "1446"]
[Annotator ""]
[Source ""]
[Remark ""]

1.d4 d5 2.c4 e6 3.Nc3 Nf6 4.Bg5 Be7 5.cxd5 exd5 6.Nf3 c6 7.e3
Nh5 8.Bxe7 Qxe7 9.Ne5 g6 10.Be2 Ng7 11.Rc1 Nd7 12.Nd3 Nb6 13.b4
a6 14.a4 Ne6 15.Qb3 Qd6 16.b5 axb5 17.axb5 c5 18.dxc5 Nxc5 19.Nxc5
Qxc5 20.O-O Ra3 21.Qb2 Qe7 22.Nxd5 Qf8 23.Qe5+ Be6 24.Qb8+ Kd7
25.Qc7+ Ke8 26.Nf6# 1-0

[Event "FIDE Open"]
[Site "Voronezh"]
[Date "2017.06.17"]
[Round "6.46"]
[White "Kuritsina, Zlata"]
[Black "Grishchenko, Vladimir"]
[Result "1-0"]
[WhiteElo "1538"]
[BlackElo "1939"]
[Annotator ""]
[Source ""]
[Remark ""]

1.e4 c5 2.Nf3 e6 3.d4 cxd4 4.Nxd4 a6 5.Nc3 Qc7 6.Be3 Bb4 7.Qd2
Nf6 8.f3 d5 9.Bd3 e5 10.O-O exd4 11.Bxd4 Bc5 12.Bxc5 Qxc5+ 13.Kh1
O-O 14.exd5 b5 15.a3 Bb7 16.Qg5 Nbd7 17.Rad1 Rad8 18.Qf5 g6 19.Qg5
Kg7 20.Be4 h6 21.Qf4 Nb6 22.d6 Nxe4 23.fxe4 Nc4 24.Qf6+ Kh7 25.Qe7
Bc6 26.Rxf7+ Rxf7 27.Qxf7+ 1-0

[Event "FIDE Open"]
[Site "Voronezh"]
[Date "2017.06.17"]
[Round "6.48"]
[White "Knyazev, Pavel"]
[Black "Stroganov, Andrey"]
[Result "1-0"]
[WhiteElo "1628"]
[BlackElo "1879"]
[Annotator ""]
[Source ""]
[Remark ""]

1.Nf3 Nf6 2.g3 b6 3.Bg2 Bb7 4.d3 d5 5.O-O Nbd7 6.Nbd2 e5 7.e4
dxe4 8.dxe4 Bc5 9.Qe2 O-O 10.a3 a5 11.Nh4 Ba6 12.c4 a4 13.Qd1
b5 14.Qc2 Qb8 15.Nb1 bxc4 16.Nc3 Qb3 17.Qd2 Rfe8 18.Nf5 Nf8 19.Nxg7
Kxg7 20.Qh6+ Kg8 21.Qxf6 Re6 22.Qg5+ Rg6 23.Qxe5 Bd6 24.Qd5 Rd8
25.Qa5 Qb6 26.Qxb6 cxb6 27.Nxa4 c3 28.Rd1 c2 29.Rd2 Bc7 30.Nc3
Ne6 31.Nd5 Bd6 32.Bf1 Bxf1 33.Kxf1 Nc5 34.Rxc2 Nxe4 35.Re2 Nc5
36.Bf4 Kg7 37.Bxd6 Rgxd6 38.Nf4 Nb3 39.Rae1 Nd2+ 40.Kg2 Nc4 41.Rc2
b5 42.Ree2 Kf6 43.a4 Rd4 44.axb5 Nd6 45.b6 Nc4 46.b3 Nxb6 47.Rc6+
R8d6 48.Rec2 Nd7 49.b4 Ke7 50.b5 Kd8 51.Rc8+ Ke7 52.R2c6 Rb4
53.Rxd6 Kxd6 54.Rc6+ 1-0

[Event "FIDE Open"]
[Site "Voronezh"]
[Date "2017.06.17"]
[Round "6.49"]
[White "Badtrutdinova, Darya"]
[Black "Kuzmin, Vitaly"]
[Result "0-1"]
[WhiteElo "1445"]
[BlackElo "1770"]
[Annotator ""]
[Source ""]
[Remark ""]

1.d4 d5 2.Nf3 Nf6 3.e3 Bf5 4.b3 e6 5.Nbd2 h6 6.Bb2 Be7 7.c4 dxc4
8.Bxc4 O-O 9.O-O a6 10.Nh4 Bh7 11.Qf3 c6 12.g3 Nbd7 13.Ng2 Bd6
14.Nf4 Bf5 15.e4 Bh7 16.Rfd1 Rc8 17.Rac1 Bb4 18.Bd3 Qa5 19.Nc4
Qc7 20.a3 Be7 21.Nd2 Qb6 22.b4 Qa7 23.Bc4 Nb6 24.Bb3 a5 25.bxa5
Qxa5 26.Bc3 Qa8 27.Bb4 Bxb4 28.axb4 Qb8 29.Nxe6 fxe6 30.Bxe6+
Kh8 31.Bxc8 Qxc8 32.Qe2 Qe8 33.e5 Nfd5 34.Nc4 Nxc4 35.Qxc4 Qf7
36.Rd2 Be4 37.f4 Qh5 38.Qe2 Qg6 39.Kf2 Nxb4 40.Rc3 Nd5 41.Rc1
b5 42.Ke1 Nb4 43.Rc3 Nd5 44.Rc1 Nb6 45.Rb2 Nc4 46.Ra2 Rd8 47.Rd1
Bd5 48.Ra7 Qf5 49.Qf2 Qe4+ 50.Qe2 Qh1+ 51.Kf2 Qxh2+ 52.Ke1 Qxg3+ 0-1

[Event "FIDE Open"]
[Site "Voronezh"]
[Date "2017.06.17"]
[Round "6.50"]
[White "Smirnov, Mark A."]
[Black "Yudakov, Alexey"]
[Result "1-0"]
[WhiteElo "1762"]
[BlackElo "1556"]
[Annotator ""]
[Source ""]
[Remark ""]

1.d4 d5 2.c4 e6 3.Nc3 Nf6 4.Bg5 Be7 5.e3 c6 6.Nf3 Nbd7 7.Bd3
dxc4 8.Bxc4 b5 9.Bd3 a6 10.O-O O-O 11.Rc1 c5 12.Bxf6 Bxf6 13.Qc2
g6 14.dxc5 Nxc5 15.Rfd1 Nxd3 16.Rxd3 Qc7 17.Ne4 Qe7 18.Qc7 Kg7
19.Nxf6 Qxf6 20.b4 Qb2 21.h3 Qxb4 22.Rd4 Qb2 23.Qe5+ Kg8 24.Rc7
Qxa2 25.Kh2 Qa5 26.Ng5 Qb6 27.Nxh7 f6 28.Nxf6+ Rxf6 29.Rd8+ 1-0

[Event "FIDE Open"]
[Site "Voronezh"]
[Date "2017.06.17"]
[Round "6.51"]
[White "Koptev, Ruslan"]
[Black "Ismailov, Samir"]
[Result "1-0"]
[WhiteElo "1720"]
[BlackElo "1517"]
[Annotator ""]
[Source ""]
[Remark ""]

1.e4 e5 2.Nf3 Nc6 3.Bb5 d6 4.d4 exd4 5.Nxd4 Bd7 6.O-O Nf6 7.Nc3
Be7 8.Bf4 O-O 9.Bxc6 bxc6 10.e5 dxe5 11.Bxe5 Bd6 12.Bxd6 cxd6
13.Qf3 Qc7 14.Qf4 Rab8 15.b3 Qa5 16.Nce2 c5 17.Nf5 Kh8 18.Nxd6
Be6 19.Nf5 Rb4 20.c4 Rbb8 21.Neg3 h6 22.Nxh6 Nh7 23.Nhf5 Qc3
24.Ne4 Qa5 25.Qe5 Bxf5 26.Qxf5 Rbc8 27.Rfd1 Qa3 28.h3 Qb2 29.Nxc5
g6 30.Qd5 Rfd8 31.Qxd8+ Rxd8 32.Rxd8+ Kg7 33.Rdd1 Nf6 34.Nd3
Qc2 35.Nc5 Qf5 36.Nd3 g5 37.Rac1 g4 38.hxg4 Nxg4 39.c5 Qh5 40.c6
Qh2+ 41.Kf1 Qc7 42.Rc4 Nf6 43.Nf4 Ng4 44.Nd5 Qc8 45.c7 Qf5 46.Rf4
Qe6 47.Rxg4+ Qxg4 48.Rc1 Qe4 49.c8Q Qxd5 50.Qg4+ 1-0

[Event "FIDE Open"]
[Site "Voronezh"]
[Date "2017.06.17"]
[Round "6.52"]
[White "Denisenko, Dmitry"]
[Black "Moiseeva, Polina"]
[Result "1/2-1/2"]
[WhiteElo "1628"]
[BlackElo "1547"]
[Annotator ""]
[Source ""]
[Remark ""]

1.e4 d5 2.exd5 Qxd5 3.Nc3 Qd6 4.Nf3 Nf6 5.d3 a6 6.h3 Nc6 7.Be2
Bf5 8.Be3 e6 9.a3 Be7 10.O-O h6 11.Qd2 g5 12.b4 g4 13.Bc5 Qd7
14.Bxe7 Qxe7 15.Nh4 O-O-O 16.Nxf5 exf5 17.hxg4 fxg4 18.Rfe1 Qd6
19.b5 axb5 20.Nxb5 Qc5 21.Qf4 Nd4 22.Qxf6 Nxe2+ 23.Rxe2 Qxb5
24.Qxf7 Kb8 25.a4 Qc5 26.a5 Rhf8 27.Qg7 Rg8 28.Qe5 Qc6 29.Qb2
Ka7 30.Qb3 g3 31.c4 gxf2+ 32.Rxf2 Rg3 33.Qb5 Rgxd3 34.Qxc6 Rd1+
35.Rf1 Rxf1+ 36.Rxf1 bxc6 37.Rf6 Rd6 38.Rf7 Ka6 39.Rxc7 Kxa5
40.Rb7 Ka6 41.Rb3 Rf6 42.c5 Ka7 43.Rb6 h5 44.Kh2 Re6 1/2-1/2

[Event "FIDE Open"]
[Site "Voronezh"]
[Date "2017.06.17"]
[Round "6.53"]
[White "Kuzminykh, Nikita"]
[Black "Astakhov, Alexander"]
[Result "1-0"]
[WhiteElo "1511"]
[BlackElo "1798"]
[Annotator ""]
[Source ""]
[Remark ""]

1.e4 Nf6 2.e5 Nd5 3.c4 Nb6 4.d4 d6 5.exd6 exd6 6.Qf3 Nc6 7.Be3
Be7 8.Nc3 Nb4 9.O-O-O Be6 10.a3 Na6 11.c5 Bb3 12.cxb6 axb6 13.Bxa6
Bxd1 14.Kxd1 bxa6 15.Qc6+ Kf8 16.Nd5 Rc8 17.Nf3 Qe8 18.Nxe7 Kxe7
19.Bg5+ Kf8 20.Qxe8+ Rxe8 21.Re1 Rxe1+ 22.Kxe1 f6 23.Be3 Kf7
24.d5 Re8 25.Kd2 b5 26.Kd3 f5 27.Ng5+ Kg6 28.Ne6 Rc8 29.Bf4 h6
30.Kd4 Kf7 31.Bd2 c5+ 32.Kd3 g5 33.Bc3 Kg6 34.Bg7 Rb8 35.Bf8
Rb6 36.Be7 a5 37.Bd8 Ra6 38.Nc7 Rb6 39.Ne6 Ra6 40.Bc7 Kf7 41.Nd8+
Ke7 42.Nc6+ Kd7 43.Bxa5 Rxc6 44.dxc6+ Kxc6 45.Bc3 Kd5 46.Bg7
h5 47.Bf6 g4 48.Ke3 Kc4 49.Kf4 d5 50.Kxf5 d4 51.Ke4 Kb3 52.Be7
Kc2 53.Bxc5 d3 54.Bb4 d2 55.Bxd2 Kxd2 56.b3 Ke2 57.f4 h4 58.f5
g3 59.hxg3 hxg3 60.f6 1-0

[Event "FIDE Open"]
[Site "Voronezh"]
[Date "2017.06.17"]
[Round "6.54"]
[White "Foshenko, Kirill"]
[Black "Volovich, Evgeny"]
[Result "1-0"]
[WhiteElo "1710"]
[BlackElo "1353"]
[Annotator ""]
[Source ""]
[Remark ""]

1.d4 e6 2.c4 d5 3.Nf3 Nf6 4.g3 c6 5.Bg2 Bd6 6.O-O O-O 7.Nfd2
Re8 8.e4 dxe4 9.Nxe4 Nxe4 10.Bxe4 Nd7 11.Nc3 Nf6 12.Bg2 Bc7 13.Bg5
Ba5 14.Ne4 Bb6 15.c5 Bc7 16.Qf3 Qxd4 17.Nxf6+ gxf6 18.Bxf6 e5
19.Qh5 Qg4 20.Qxg4+ Bxg4 21.h3 Bc8 22.Rfe1 Re6 23.Bg5 f6 24.Bh6
Re7 25.Re4 Bf5 26.Re3 Rd8 27.Rf3 Be4 28.Rxf6 Bxg2 29.Kxg2 Red7
30.Re1 Rd4 31.Re3 e4 32.Rb3 Rb8 33.Rxb7 1-0

[Event "FIDE Open"]
[Site "Voronezh"]
[Date "2017.06.17"]
[Round "6.56"]
[White "Ryumshin, Vladislav"]
[Black "Smaleva, Veronika"]
[Result "1-0"]
[WhiteElo "1603"]
[BlackElo "1163"]
[Annotator ""]
[Source ""]
[Remark ""]

1.e4 c5 2.Nf3 d6 3.d4 cxd4 4.Nxd4 Nf6 5.Nc3 a6 6.Be2 e5 7.Nf3
Be6 8.Be3 Be7 9.Qd2 O-O 10.Rd1 Nc6 11.Bg5 Ne8 12.O-O Rc8 13.Bxe7
Qxe7 14.Ne1 h6 15.f4 Nb4 16.a3 Nc6 17.f5 Bd7 18.Nd5 Qd8 19.f6
g5 20.h4 Be6 21.hxg5 Bxd5 22.exd5 Nd4 23.Bd3 Qb6 24.Kh1 Qd8 25.gxh6
Nxf6 26.Qg5+ Kh8 27.Qg7# 1-0

[Event "FIDE Open"]
[Site "Voronezh"]
[Date "2017.06.17"]
[Round "6.58"]
[White "Sych, Alina"]
[Black "Rtischev, Maksim"]
[Result "1-0"]
[WhiteElo "1557"]
[BlackElo "1132"]
[Annotator ""]
[Source ""]
[Remark ""]

1.e4 e5 2.Nf3 Nf6 3.d4 exd4 4.e5 Ng4 5.Qxd4 d6 6.Bc4 Nc6 7.Bb5
dxe5 8.Qxd8+ Kxd8 9.Bxc6 bxc6 10.h3 e4 11.Ng5 Nh6 12.Nxe4 Bf5
13.Nbc3 Bb4 14.Bg5+ f6 15.Nxf6 Bxc3+ 16.bxc3 Bxc2 17.Ng4+ Kd7
18.Nxh6 gxh6 19.Bxh6 Rhe8+ 20.Kd2 Bg6 21.g4 Re6 22.Be3 Rae8 23.Rad1
Be4 24.Ke2+ Ke7 25.f3 Bd5 26.Kf2 Kf7 27.Rhe1 Rf6 28.f4 a6 29.a3
Re4 30.f5 Rc4 31.Bd4 Rh6 32.Re3 c5 33.Be5 c6 34.Rb1 Re4 35.Rxe4
Bxe4 36.Rb7+ 1-0

[Event "FIDE Open"]
[Site "Voronezh"]
[Date "2017.06.17"]
[Round "6.2"]
[White "Maratkanov, Evgeny"]
[Black "Lepaev, Andrey"]
[Result "1/2-1/2"]
[WhiteElo "2145"]
[BlackElo "2059"]
[Annotator ""]
[Source ""]
[Remark ""]

1.Nf3 d5 2.d4 Nf6 3.g3 e6 4.Bg2 Be7 5.O-O O-O 6.c4 dxc4 7.Ne5
c5 8.dxc5 Qc7 9.Nxc4 Qxc5 10.Qb3 Nc6 11.Be3 Qh5 12.Nbd2 Ng4 13.h3
Nxe3 14.Qxe3 Bc5 15.Qf3 Qxf3 16.Nxf3 Re8 17.Rfd1 e5 18.Nd6 Bxd6
19.Rxd6 f6 20.Rad1 Be6 21.a3 Kf7 22.e3 Ke7 23.R6d2 Rac8 24.Ne1
Na5 25.Bd5 Bxh3 26.Kh2 Be6 27.Bxe6 Kxe6 28.Rd6+ Kf7 29.R1d5 Nc4
30.Rd7+ Re7 31.Nd3 Nb6 32.Rxe7+ Kxe7 33.Rb5 Kd6 34.Rb3 Rc2 35.Kg1
Kc7 36.Nb4 Rc1+ 37.Kg2 e4 38.Na2 Rc2 39.Nc3 f5 40.Nb5+ Kb8 41.Nd4
Rd2 42.Nxf5 g6 43.Nd4 Nc4 44.Nc6+ Ka8 45.Rc3 Nxe3+ 46.Rxe3 bxc6
47.b4 Rd4 48.Kf1 h5 49.Ke2 Kb7 50.Rc3 Kb6 51.Rc5 Rd3 52.Ra5 Rb3
53.Kd2 Rf3 54.Ke2 Rb3 55.Kd2 1/2-1/2

[Event "FIDE Open"]
[Site "Voronezh"]
[Date "2017.06.17"]
[Round "6.3"]
[White "Manukovsky, Vladimir"]
[Black "Moiseenko, Andrey"]
[Result "1/2-1/2"]
[WhiteElo "2200"]
[BlackElo "2010"]
[Annotator ""]
[Source ""]
[Remark ""]

1.c4 Nf6 2.Nc3 g6 3.e4 d6 4.d4 Bg7 5.Be2 O-O 6.Bg5 Na6 7.Nf3
h6 8.Be3 Ng4 9.Bd2 e5 10.dxe5 Nxe5 11.O-O Nxf3+ 12.Bxf3 Nc5 13.Qc1
Nd3 14.Qc2 Ne5 15.Be2 Be6 16.b3 Nc6 17.Qc1 Kh7 18.Bd3 Nd4 19.f4
f5 20.Be3 Qf6 21.Rb1 Rae8 22.Qd2 c5 23.Rbe1 Nxb3 24.axb3 Qxc3
25.Qd1 fxe4 26.Bb1 b5 27.Qxd6 Qxb3 28.Bxc5 Bxc4 29.Bxe4 Rxe4
30.Rxe4 Bxf1 31.Kxf1 Rf6 32.Qe7 Rf7 33.Qe8 Qd1+ 34.Kf2 Qd5 35.Kf3
Qd7 36.Qb8 Qc7 37.Qxb5 Rf5 38.Rc4 Qd8 39.Qb4 Qd5+ 40.Kf2 a5 41.Qa4
Qd2+ 42.Kf3 Qd5+ 43.Kf2 Qd2+ 44.Kf3 1/2-1/2

[Event "FIDE Open"]
[Site "Voronezh"]
[Date "2017.06.17"]
[Round "6.4"]
[White "Kozlov, Sergej A."]
[Black "Palkovich, Denis"]
[Result "0-1"]
[WhiteElo "2072"]
[BlackElo "2147"]
[Annotator ""]
[Source ""]
[Remark ""]

1.e4 d5 2.exd5 Qxd5 3.Nc3 Qa5 4.d4 Nf6 5.Nf3 Nc6 6.Bb5 Nd5 7.Bd2
Nxc3 8.Bxc6+ bxc6 9.Bxc3 Qd5 10.O-O Bg4 11.Re1 Bxf3 12.Qxf3 Qxf3
13.gxf3 e6 14.Re5 O-O-O 15.Rd1 Be7 16.Rd3 Rd5 17.Bd2 Rhd8 18.Be3
Bd6 19.Rxd5 cxd5 20.Rb3 Kd7 21.Bd2 a6 22.h3 Re8 23.Kg2 f6 24.Rd3
Rb8 25.Bc1 Rb4 26.c3 Ra4 27.a3 Rc4 28.Be3 Rc6 29.Bc1 Rb6 30.Rd1
Rb3 31.Kf1 Kc6 32.Ke2 a5 33.Rg1 Bf8 34.Kd3 a4 35.Rg4 Rb8 36.Rh4
h6 37.Rg4 Kd7 38.Kc2 Re8 39.Be3 h5 40.Rg1 e5 41.Rd1 e4 42.Rg1
exf3 43.Rg3 c6 44.Rxf3 Bd6 45.Bd2 Re2 46.Kd3 Re4 47.Re3 Rh4 48.Rf3
Ke6 49.Ke2 g5 50.Kf1 g4 51.hxg4 hxg4 52.Re3+ Kd7 53.Re1 f5 54.Kg2
Rh2+ 55.Kg1 g3 56.Rf1 f4 57.Bc1 g2 0-1

[Event "FIDE Open"]
[Site "Voronezh"]
[Date "2017.06.17"]
[Round "6.5"]
[White "Mezhov, Dmitriy"]
[Black "Khajrutdinov, Ildar"]
[Result "1/2-1/2"]
[WhiteElo "1809"]
[BlackElo "2087"]
[Annotator ""]
[Source ""]
[Remark ""]

1.d4 Nf6 2.c4 e6 3.Nf3 b6 4.g3 Ba6 5.Qa4 c5 6.Bg2 Bb7 7.O-O cxd4
8.Nxd4 Bxg2 9.Kxg2 Qc8 10.Bf4 a6 11.Nd2 Qb7+ 12.N2f3 Be7 13.Rac1
O-O 14.h3 d6 15.Be3 Rc8 16.Rfd1 Nbd7 17.b4 Ne5 18.Qb3 b5 19.cxb5
axb5 20.Rxc8+ Rxc8 21.a4 bxa4 22.Qxa4 Nc4 23.Rb1 Nd5 24.Rb3 Ndxe3+
25.fxe3 Bf6 26.Kf2 e5 27.Qb5 Qxb5 28.Nxb5 d5 29.Na7 Rc7 30.Nb5
Rc6 31.Na3 Nb6 32.b5 Rc1 33.Nb1 Kf8 34.Nc3 e4 35.Nd4 Ke7 36.Na2
Rc5 37.Nb4 g6 38.Nbc6+ Kd6 39.Ra3 Bxd4 40.Nxd4 Rc7 41.g4 h6 42.Kg3
Rb7 43.h4 Nc4 44.Ra6+ Nb6 45.h5 Kc5 46.g5 hxg5 47.h6 f5 48.Ne6+
Kxb5 49.Ra1 Rh7 50.Rh1 Nc8 51.Nf8 Rh8 52.Nxg6 Rh7 53.Nf8 Rh8
54.h7 Rxf8 55.h8Q Rxh8 56.Rxh8 Nd6 57.Rg8 Nc4 58.Rxg5 Nxe3 59.Kf4
d4 60.Rg3 Kc4 61.Rxe3 dxe3 62.Kxf5 Kd5 63.Kf4 1/2-1/2

[Event "FIDE Open"]
[Site "Voronezh"]
[Date "2017.06.17"]
[Round "6.6"]
[White "Ponomariov, Timur"]
[Black "Kondaurov, Yury"]
[Result "0-1"]
[WhiteElo "2196"]
[BlackElo "2046"]
[Annotator ""]
[Source ""]
[Remark ""]

1.Nc3 Nf6 2.d4 d5 3.Qd3 g6 4.e4 dxe4 5.Nxe4 Bg7 6.Nf3 O-O 7.Bg5
Bf5 8.Bxf6 exf6 9.O-O-O Re8 10.Nfd2 Nc6 11.g4 Bxe4 12.Nxe4 Qd5
13.Bg2 Qxa2 14.f4 Qa1+ 15.Kd2 Qxb2 16.Rb1 Qxd4 17.Qxd4 Nxd4 18.Rxb7
Rad8 19.f5 Nxf5+ 20.Kc1 Nh4 0-1

[Event "FIDE Open"]
[Site "Voronezh"]
[Date "2017.06.17"]
[Round "6.7"]
[White "Napalkov, Vladimir"]
[Black "Shishkin, Aleksey A."]
[Result "1/2-1/2"]
[WhiteElo "2031"]
[BlackElo "2191"]
[Annotator ""]
[Source ""]
[Remark ""]

1.d4 d5 2.c4 c6 3.cxd5 cxd5 4.Nc3 Nf6 5.Nf3 Nc6 6.Bf4 a6 7.e3
Bg4 8.Be2 e6 9.h3 Bxf3 10.Bxf3 Bd6 11.Bxd6 Qxd6 12.O-O O-O 13.Rc1
Rac8 14.Rc2 Nb4 15.Rc1 Nc6 16.Rc2 Nb4 17.Rc1 Nc6 18.Rc2 Nb4 1/2-1/2

[Event "FIDE Open"]
[Site "Voronezh"]
[Date "2017.06.17"]
[Round "6.8"]
[White "Provkin, Vladimir"]
[Black "Filippov, Ivan"]
[Result "1-0"]
[WhiteElo "2163"]
[BlackElo "2041"]
[Annotator ""]
[Source ""]
[Remark ""]

1.d4 e6 2.Nf3 d5 3.c4 Nf6 4.Nc3 c6 5.Bg5 Nbd7 6.cxd5 exd5 7.e3
h6 8.Bh4 Qa5 9.Bd3 Bb4 10.Qc2 O-O 11.O-O Re8 12.a3 Bxc3 13.bxc3
Ne4 14.c4 Ndf6 15.Ne5 Qd2 16.cxd5 cxd5 17.Rfc1 Qxc2 18.Rxc2 g6
19.f3 Nd6 20.Be1 Bf5 21.Bxf5 Nxf5 22.Rc7 Re7 23.Rac1 Ne8 24.Rc8
Rxc8 25.Rxc8 f6 26.Bb4 Re6 27.Nd7 Kf7 28.e4 Ne7 29.Rb8 Nc6 30.exd5
Nxb8 31.dxe6+ Kxe6 32.Nxb8 Kd5 33.Bc5 b6 34.Bf8 a5 35.Nd7 Kc6
36.Nxb6 Kxb6 37.Bxh6 Kb5 38.Bf8 Kc4 39.Bc5 Nc7 40.g3 Ne6 41.h4 1-0

[Event "FIDE Open"]
[Site "Voronezh"]
[Date "2017.06.17"]
[Round "6.9"]
[White "Palin, Denis"]
[Black "Garafutdinov, Ainur"]
[Result "1/2-1/2"]
[WhiteElo "2158"]
[BlackElo "1998"]
[Annotator ""]
[Source ""]
[Remark ""]

1.e4 e5 2.Nf3 Nc6 3.Nc3 Nf6 4.a3 d5 5.Bb5 d4 6.Ne2 Bd6 7.Ng3
Be6 8.d3 h6 9.Qe2 Nd7 10.Nf5 Qf6 11.Bxc6 bxc6 12.g4 Bf8 13.Rg1
Qd8 14.g5 h5 15.g6 f6 16.N3h4 Nc5 17.f4 exf4 18.Bxf4 Qd7 19.Nf3
Bxf5 20.exf5+ Be7 21.Nh4 O-O-O 22.O-O-O Bd6 23.Qf2 Bxf4+ 24.Qxf4
Qd5 25.Kb1 Na4 26.Qe4 Rhe8 27.Qxd5 Rxd5 28.Rde1 Rde5 29.Nf3 Rxe1+
30.Rxe1 Rxe1+ 31.Nxe1 Nb6 32.Nf3 Nd5 33.Nxd4 Ne7 34.b4 Kd7 35.c4
Kd6 36.Kc2 Ke5 37.Kc3 h4 38.Nf3+ Kxf5 39.Nxh4+ Kg4 40.Ng2 Nxg6
41.Ne3+ Kf4 1/2-1/2

[Event "FIDE Open"]
[Site "Voronezh"]
[Date "2017.06.17"]
[Round "6.11"]
[White "Sokolovsky, Victor"]
[Black "Kazmin, Semen"]
[Result "0-1"]
[WhiteElo "1896"]
[BlackElo "2086"]
[Annotator ""]
[Source ""]
[Remark ""]

1.e4 e6 2.d4 d5 3.Nc3 Bb4 4.Bd3 dxe4 5.Bxe4 Nf6 6.Bd3 c5 7.Nf3
Nc6 8.a3 Bxc3+ 9.bxc3 O-O 10.Bg5 h6 11.h4 Re8 12.Qd2 e5 13.Bxf6
Qxf6 14.dxe5 Nxe5 15.O-O-O Nxd3+ 16.Qxd3 Bf5 17.Qc4 Re4 18.Qb3
Qa6 19.Rhe1 Be6 20.Qb2 Ra4 21.Kd2 Rd8+ 22.Kc1 Rc8 23.Kd2 Rc6
24.Re3 Rd6+ 25.Ke1 Rxd1+ 26.Kxd1 Rxa3 27.Kd2 Ra2 28.Qb1 Ra1 29.Qb2
Qf1 30.Ne1 Qxf2+ 31.Re2 Qf4+ 32.Re3 Rxe1 33.Kxe1 Qxe3+ 0-1

[Event "FIDE Open"]
[Site "Voronezh"]
[Date "2017.06.17"]
[Round "6.12"]
[White "Tatarintsev, Egor"]
[Black "Rozmanov, Aleksandr"]
[Result "1/2-1/2"]
[WhiteElo "2085"]
[BlackElo "1928"]
[Annotator ""]
[Source ""]
[Remark ""]

1.e4 e5 2.Nf3 Nc6 3.Bb5 a6 4.Bxc6 dxc6 5.O-O f6 6.d4 exd4 7.Nxd4
c5 8.Ne2 Be6 9.a4 b6 10.Nbc3 Qxd1 11.Rxd1 Bd6 12.Bf4 O-O-O 13.Nd5
Bxd5 14.exd5 Ne7 15.Bxd6 Rxd6 16.a5 Rxd5 17.Rxd5 Nxd5 18.axb6
cxb6 19.Rxa6 Kb7 20.Ra3 Re8 21.Kf1 Re7 22.Rd3 Kc6 23.c3 b5 24.Rd2
g6 25.g3 Ra7 26.Ke1 Ra1+ 27.Rd1 Ra2 28.c4 Nc7 29.cxb5+ Nxb5 30.Rd2
Ra1+ 31.Rd1 Ra2 32.Rd2 Ra1+ 33.Rd1 Ra2 34.Rd2 1/2-1/2

[Event "FIDE Open"]
[Site "Voronezh"]
[Date "2017.06.17"]
[Round "6.13"]
[White "Piskov, Vladimir A."]
[Black "Geranichev, Mikhail"]
[Result "0-1"]
[WhiteElo "1909"]
[BlackElo "2076"]
[Annotator ""]
[Source ""]
[Remark ""]

1.d4 Nf6 2.Bg5 g6 3.Nc3 d5 4.h4 h6 5.Bxf6 exf6 6.h5 g5 7.e3 Bg7
8.Qf3 c6 9.Bd3 O-O 10.Nge2 Re8 11.O-O-O Nd7 12.e4 dxe4 13.Bxe4
Nf8 14.d5 c5 15.Kb1 Qd6 16.Rhe1 Bd7 17.Ng3 b5 18.Bf5 Rxe1 19.Rxe1
Re8 20.Rxe8 Bxe8 21.Nge4 Qb6 22.Qe3 Bd7 23.d6 Qc6 24.g4 b4 25.Ne2
Bxf5 26.gxf5 Nd7 27.c4 Bf8 28.Qd3 Kg7 29.f4 a5 30.b3 a4 31.Kc2
Qa8 32.Kd2 axb3 33.axb3 Qa2+ 34.Ke3 Qb2 35.Kf3 Qa1 36.Kg2 Qe1
37.Nf2 Kg8 38.fxg5 hxg5 39.Ng3 Qe5 40.Nfe4 Qb2+ 41.Kh3 g4+ 0-1

[Event "FIDE Open"]
[Site "Voronezh"]
[Date "2017.06.17"]
[Round "6.14"]
[White "Filippov, Vladimir"]
[Black "Chekletsov, Egor"]
[Result "0-1"]
[WhiteElo "1882"]
[BlackElo "2070"]
[Annotator ""]
[Source ""]
[Remark ""]

1.Nf3 Nf6 2.e3 g6 3.d4 Bg7 4.Nbd2 d6 5.c3 O-O 6.Bd3 c5 7.Qc2
Nc6 8.O-O e5 9.dxc5 dxc5 10.Rd1 Qe7 11.e4 Nh5 12.g3 Kh8 13.Nf1
Bg4 14.Be2 f5 15.Ne3 fxe4 16.Qxe4 Nf6 17.Qa4 e4 18.Nxg4 Nxg4
19.Bg5 Qe6 20.Re1 Qf5 21.h4 exf3 22.Bd1 Nxf2 23.Kxf2 Qh3 24.Re4
Qg2+ 25.Ke3 Qg1+ 26.Kd2 f2 27.Be3 Qe1+ 0-1

[Event "FIDE Open"]
[Site "Voronezh"]
[Date "2017.06.13"]
[Round "2.15"]
[White "Egorov, Alexey"]
[Black "Filippov, Ivan"]
[Result "0-1"]
[WhiteElo "1794"]
[BlackElo "2041"]
[Annotator ""]
[Source ""]
[Remark ""]

1.e4 e6 2.Nc3 d5 3.Nf3 Nf6 4.e5 Nfd7 5.d4 a6 6.Bd3 Be7 7.h4 h6
8.Bf4 c5 9.dxc5 Nxc5 10.Qd2 Nxd3+ 11.Qxd3 Nc6 12.Nd4 Nxd4 13.Qxd4
Bxh4 14.O-O-O Be7 15.g4 Bd7 16.Rh5 Rc8 17.g5 Rc4 18.Qe3 Rxf4
19.Rg1 Rc4 20.gxh6 gxh6 21.Rxh6 Rh4 22.Rxh8+ Rxh8 23.Ne2 Qa5
24.Kb1 Qb4 25.Ng3 Rg8 26.Rh1 Bg5 27.Qa7 Ke7 28.a3 Qb5 29.Rh7
Bf4 30.Qd4 Bxg3 31.fxg3 Qf1+ 0-1

[Event "FIDE Open"]
[Site "Voronezh"]
[Date "2017.06.13"]
[Round "2.16"]
[White "Lebedev, Mikhail S."]
[Black "Malozemova, Darya"]
[Result "1-0"]
[WhiteElo "2041"]
[BlackElo "1680"]
[Annotator ""]
[Source ""]
[Remark ""]

1.e4 e5 2.f4 exf4 3.Nf3 g5 4.h4 Be7 5.hxg5 Bxg5 6.d4 d6 7.Nc3
Bg4 8.Be2 Bxf3 9.Bxf3 Bh4+ 10.Kf1 Bg5 11.Nd5 Ne7 12.Nxf4 Bxf4
13.Bxf4 Ng6 14.Bh6 Qf6 15.Rh5 Nc6 16.c3 Nce7 17.Qb3 Rb8 18.Qa4+
c6 19.Qxa7 Kd7 20.Qb6 Nc8 21.Qb3 Rg8 22.Rf5 Qh4 23.Qxf7+ Nge7
24.Rh5 Qg3 25.Bf4 Qg6 26.Rxh7 Qxf7 27.Rxf7 Rh8 28.Kf2 Ke8 29.Rf6
Ng8 30.Rg6 Nce7 31.Rxd6 1-0